Southville International School and Colleges
Your cart is empty.
  • Cart
  • Lists
    Public lists Eva Luna New books Lux_list list_1
    Your lists Log in to create your own lists
  • Log in to your account
  • Your cookies
  • Search history
Southville International School and Colleges
  • Advanced search
  • Recent comments
  • Most popular
  • Libraries

Log in to your account

Log in with GOOGLE


If you do not have an external account, but do have a local account, you can still log in:

  1. Home
  2. MARC view: Drawing conclusions C /
Normal view MARC view ISBD view

Drawing conclusions C / (Record no. 102028)

[ view plain ]
MARC details
000 -LEADER
fixed length control field 00620nam a2200193 a 4500
005 - DATE AND TIME OF LATEST TRANSACTION
control field 20140412111225.0
008 - FIXED-LENGTH DATA ELEMENTS--GENERAL INFORMATION
fixed length control field 010523s19uu xx 00 eng d
020 ## - INTERNATIONAL STANDARD BOOK NUMBER
International Standard Book Number 0-87965-753-7
050 ## - LIBRARY OF CONGRESS CALL NUMBER
Classification number TR(GS 420.7
Item number S633 Bk.C
100 ## - MAIN ENTRY--PERSONAL NAME
Personal name Boning, Richard A.
245 ## - TITLE STATEMENT
Title Drawing conclusions C /
Statement of responsibility, etc Richard A. Boning.
250 ## - EDITION STATEMENT
Edition statement 3rd Ed.
260 ## - PUBLICATION, DISTRIBUTION, ETC. (IMPRINT)
Place of publication, distribution, etc Baldwin, New York :
Name of publisher, distributor, etc Barnell Loft, Ltd,
Date of publication, distribution, etc 1982.
300 ## - PHYSICAL DESCRIPTION
Extent 1v. (unp.)
440 ## - SERIES STATEMENT/ADDED ENTRY--TITLE
Title Specific Skills Series
520 ## - SUMMARY, ETC.
Summary, etc Drawing conclusions has been written to help develop an important interpretative skill.
650 ## - SUBJECT ADDED ENTRY--TOPICAL TERM
Topical term or geographic name as entry element Interpretative skills
Holdings
Withdrawn status Lost status Damaged status Home library Current library Shelving location Date acquired Source of acquisition Total Checkouts Full call number Barcode Date last seen Price effective from Koha item type
      Elizalde Library Elizalde Library Teachers Reference Section 05/23/2001     TR(GS 420.7 S633 Bk.C E0320 04/12/2014 04/12/2014 Books

Drawing conclusions C /

APA

Boning R. A., . (1982). Drawing conclusions C. Baldwin, New York: Barnell Loft, Ltd.

Chicago

Boning Richard A, . 1982. Drawing conclusions C. Baldwin, New York: Barnell Loft, Ltd.

Harvard

Boning R. A., . (1982). Drawing conclusions C. Baldwin, New York: Barnell Loft, Ltd.

MLA

Boning Richard A, . Drawing conclusions C. Baldwin, New York: Barnell Loft, Ltd. 1982.

  • Place hold
  • Print
  • Cite
  • Add to your cart (remove)
  • Save record
    BIBTEX Dublin Core MARCXML MARC (non-Unicode/MARC-8) MARC (Unicode/UTF-8) MARC (Unicode/UTF-8, Standard) MODS (XML) RIS
  • More searches
    Search for this title in:
    Other Libraries (WorldCat) Other Databases (Google Scholar) Online Stores (Bookfinder.com) Open Library (openlibrary.org)

Exporting to Dublin Core...

SOUTHVILLE LIBRARY

Southville International School and Colleges Library

1281 Tropical Ave. Cor. Luxembourg St., BF Homes International, Las Pinas City

Tel. No. 8256374 / 252358 Loc. 117/146

Powered by Koha